| 000 | 00720nam a2200181Ia 4500 | ||
|---|---|---|---|
| 008 | 151202s9999||||xx |||||||||||||| ||und|| | ||
| 082 | _bPNVM-69674 | ||
| 100 | _aसंपा- क्षीरसागर शंकुतला. | ||
| 245 | _aश्री.के.क्षीरसागर. | ||
| 260 | _b"चंद्रकला प्रकाशन ,पुणे." | ||
| 260 | _c69674 | ||
| 300 | _a264 | ||
| 600 | _aसंपा- क्षीरसागर शंकुतला. | ||
| 630 | _aश्री.के.क्षीरसागर. | ||
| 700 | _aसंपा- क्षीरसागर शंकुतला. | ||
| 730 | _aश्री.के.क्षीरसागर. | ||
| 942 | _cBOOK | ||
| 999 |
_c1336184 _d1336181 |
||